[Event "April TNT"]
[Site "Winnipeg CAN"]
[Date "2006.04.11"]
[Round "2"]
[White "Greenberg, Harley"]
[Black "Tang, Edward"]
[Result "0-1"]
[WhiteElo "1738"]
[BlackElo "1973"]
[PlyCount "77"]
[EventDate "2006.04.04"]
[EventType "swiss"]
[EventRounds "4"]
[EventCountry "CAN"]

1. d4 d5 2. c4 e6 3. Nc3 Nf6 4. Nf3 Be7 5. Bg5 O-O 6. e3 Ne4 7. Bxe7 Qxe7 8.
Rc1 Nf6 9. Bd3 Rd8 10. Ne5 dxc4 11. Bxc4 c5 12. O-O cxd4 13. exd4 b6 14. Qf3
Bb7 15. Qe3 Nc6 16. Nxc6 Bxc6 17. Nb5 Qb7 18. Rfe1 a6 19. Na3 Bxg2 20. Bb3 Bd5
21. Qe5 Rac8 22. Nc4 Bxc4 23. Bxc4 h6 24. Rc3 Kf8 25. Rec1 b5 26. Bb3 Rxc3 27.
Rxc3 Rd7 28. Qc5+ Kg8 29. Bc2 g6 30. Qe5 Ne8 31. Be4 Qb6 32. d5 Qd6 33. Qxd6
Rxd6 34. Rc8 Kf8 35. dxe6 Rxe6 36. Bc6 g5 37. Kg2 h5 38. Kg3 f6 39. h4 0-1

[Event "April TNT"]
[Site "Winnipeg CAN"]
[Date "2006.04.11"]
[Round "2"]
[White "Kwiatek, Jordan"]
[Black "Schulz, Waldemar"]
[Result "0-1"]
[WhiteElo "1854"]
[BlackElo "2095"]
[PlyCount "104"]
[EventDate "2006.04.04"]
[EventType "swiss"]
[EventRounds "4"]
[EventCountry "CAN"]

1. d4 Nf6 2. c4 e6 3. Nf3 d5 4. Nc3 c6 5. cxd5 exd5 6. Bg5 Be7 7. Qc2 O-O 8. e3
Nbd7 9. Bd3 Re8 10. h3 Nf8 11. O-O Ne4 12. Bxe7 Qxe7 13. Rab1 Nd6 14. Na4 Qf6
15. Ne5 Bf5 16. Nc5 Bxd3 17. Nexd3 Qg6 18. Rbc1 Ne6 19. Ne5 Qxc2 20. Rxc2 Nxc5
21. Rxc5 Ne4 22. Rc2 c5 23. Nf3 c4 24. Nd2 Nxd2 25. Rxd2 b5 26. b4 f5 27. g3
Re6 28. Rc2 Ra6 29. Ra1 Ra3 30. Kg2 Re8 31. Kf3 g5 32. h4 gxh4 33. gxh4 Kf7 34.
Rg1 Kf6 35. Rg5 h6 36. Rg1 Re4 37. h5 Rxd4 38. Rg6+ Kf7 39. Rxh6 f4 40. Rh7+
Kf6 41. Rxa7 Rxa7 42. exd4 Kf5 43. Rc3 Rxa2 44. h6 Ra6 45. h7 Rh6 46. Ra3 Rxh7
47. Ra8 Rh3+ 48. Kg2 Rb3 49. f3 Rb1 50. Rf8+ Ke6 51. Rxf4 c3 52. Rh4 c2 0-1

[Event "April TNT"]
[Site "Winnipeg CAN"]
[Date "2006.04.11"]
[Round "2"]
[White "Lauritson, Jim"]
[Black "Anderson, George"]
[Result "1-0"]
[WhiteElo "1894"]
[BlackElo "1484"]
[PlyCount "37"]
[EventDate "2006.04.04"]
[EventType "swiss"]
[EventRounds "4"]
[EventCountry "CAN"]

1. d4 a6 2. e4 b5 3. Nf3 Bb7 4. Bd3 e6 5. O-O c5 6. c3 Nf6 7. Qe2 h6 8. Nbd2
cxd4 9. cxd4 Be7 10. b3 Qb6 11. Bb2 Nc6 12. Rac1 Nb4 13. Bb1 O-O 14. a3 Nc6 15.
Qd3 Rac8 16. e5 Nxe5 17. dxe5 Be4 18. Nxe4 Rxc1 19. Nxf6+ 1-0

[Event "April TNT"]
[Site "Winnipeg CAN"]
[Date "2006.04.11"]
[Round "2"]
[White "Melamedoff, Gustavo"]
[Black "Khedkar, Jay"]
[Result "1-0"]
[WhiteElo "2002"]
[BlackElo "1854"]
[PlyCount "77"]
[EventDate "2006.04.04"]
[EventType "swiss"]
[EventRounds "4"]
[EventCountry "CAN"]

1. e4 e5 2. Nf3 Nf6 3. Bc4 Nxe4 4. O-O d5 5. Qe2 Bg4 6. d3 Bxf3 7. Qxf3 Nf6 8.
Bb3 c6 9. Qf5 Bd6 10. f4 e4 11. dxe4 Nxe4 12. Nc3 Qb6+ 13. Kh1 Nf2+ 14. Rxf2
Qxf2 15. Be3 Qh4 16. Bf2 Qd8 17. Re1+ Kf8 18. Ne4 Be7 19. Nc5 g6 20. Ne6+ Ke8
21. Qe5 fxe6 22. Qxh8+ Kd7 23. Qxh7 Na6 24. Qxg6 Qg8 25. Qh5 Qg7 26. f5 e5 27.
Bg3 Bf6 28. c4 Rh8 29. Qf3 d4 30. Kg1 Nc5 31. Bc2 a5 32. b3 Qh6 33. Qg4 Qd2 34.
Bb1 Bg5 35. f6+ Kd8 36. f7 Nd7 37. h4 Be3+ 38. Kh2 Nf6 39. Qg7 1-0

[Event "April TNT"]
[Site "Winnipeg CAN"]
[Date "2006.04.11"]
[Round "2"]
[White "Nguyen, Huy"]
[Black "Rumpel, Chris"]
[Result "1/2-1/2"]
[WhiteElo "1647"]
[BlackElo "1571"]
[PlyCount "60"]
[EventDate "2006.04.04"]
[EventType "swiss"]
[EventRounds "4"]
[EventCountry "CAN"]

1. c4 c6 2. d4 d5 3. Nd2 Nf6 4. Ngf3 Bf5 5. b4 e6 6. a3 h6 7. e3 Bd6 8. h3 Nbd7
9. Bb2 a6 10. Ne5 b5 11. Nxc6 Qc7 12. cxb5 axb5 13. Bxb5 Qb6 14. Ba4 Qa6 15.
Na5 O-O 16. Rc1 Rfc8 17. Bc2 Bxc2 18. Rxc2 Nb6 19. Ndb3 Na4 20. Ba1 Rxc2 21.
Qxc2 Rc8 22. b5 Rxc2 23. bxa6 Bxa3 24. O-O Ne4 25. a7 Rc8 26. Nc6 Nb6 27. Bb2
Rxc6 28. Bxa3 Rc7 29. Bc5 Rxa7 30. f3 Nxc5 1/2-1/2

[Event "April TNT"]
[Site "Winnipeg CAN"]
[Date "2006.04.11"]
[Round "2"]
[White "Reimer, Bruce"]
[Black "Milord, Frank"]
[Result "1-0"]
[WhiteElo "1503"]
[BlackElo "1604"]
[PlyCount "53"]
[EventDate "2006.04.04"]
[EventType "swiss"]
[EventRounds "4"]
[EventCountry "CAN"]

1. e4 d6 2. d4 Nf6 3. Nc3 g6 4. f4 Bg7 5. Nf3 c5 6. Bb5+ Bd7 7. Bxd7+ Nfxd7 8.
dxc5 Qa5 9. cxd6 Bxc3+ 10. bxc3 Qxc3+ 11. Bd2 Qc6 12. O-O Qxd6 13. Qe1 Nc6 14.
Bc3 O-O 15. Kh1 Rfe8 16. Qh4 e5 17. Ng5 Nf8 18. fxe5 Nxe5 19. Bxe5 Qxe5 20.
Nxf7 Qe7 21. Ng5 Qe5 22. Rxf8+ Kxf8 23. Rf1+ Ke7 24. Nf7+ g5 25. Qxh7 Qb5 26.
Rd1 Kf8 27. Nd6 1-0

[Event "April TNT"]
[Site "Winnipeg CAN"]
[Date "2006.04.11"]
[Round "2"]
[White "Rutter, Blair"]
[Black "Oberton, Daniel"]
[Result "1/2-1/2"]
[WhiteElo "1855"]
[BlackElo "1729"]
[PlyCount "55"]
[EventDate "2006.04.04"]
[EventType "swiss"]
[EventRounds "4"]
[EventCountry "CAN"]

1. c4 e5 2. g3 Nf6 3. Bg2 g6 4. Nc3 Bg7 5. e4 Nc6 6. Nge2 d6 7. O-O Be6 8. d3
Qd7 9. f4 Bg4 10. fxe5 dxe5 11. Bg5 Nh5 12. Nd5 Nd4 13. Ndc3 h6 14. Be3 Nxe2+
15. Nxe2 Rd8 16. Bf3 Bxf3 17. Rxf3 Qxd3 18. Qf1 Qxe4 19. Nc3 Qd3 20. Qf2 Qxc4
21. Rf1 Rd7 22. Bc5 b6 23. Ba3 Qd4 24. Re3 Qc4 25. Qf3 a5 26. g4 c5 27. gxh5
O-O 28. b3 1/2-1/2

[Event "April TNT"]
[Site "Winnipeg CAN"]
[Date "2006.04.11"]
[Round "2"]
[White "Van Wyk, Joseph"]
[Black "Wierda, John"]
[Result "1-0"]
[WhiteElo "1885"]
[BlackElo "1786"]
[PlyCount "45"]
[EventDate "2006.04.04"]
[EventType "swiss"]
[EventRounds "4"]
[EventCountry "CAN"]

1. e4 e6 2. c4 c5 3. Nc3 g6 4. d4 Bg7 5. Nge2 cxd4 6. Nxd4 a6 7. Be2 Qb6 8. Nb3
Bxc3+ 9. bxc3 Nc6 10. Ba3 Nge7 11. Qd6 O-O 12. O-O f5 13. Bc5 Qd8 14. f3 Rf7
15. Rad1 Qe8 16. Bb6 h6 17. Nc5 Nb8 18. Qc7 Nec6 19. Nxb7 d5 20. Nd6 Rxc7 21.
Nxe8 Rb7 22. c5 Re7 23. Nc7 1-0

[Event "April TNT"]
[Site "Winnipeg CAN"]
[Date "2006.04.18"]
[Round "3"]
[White "Anderson, George"]
[Black "Wood, Nathan"]
[Result "1-0"]
[WhiteElo "1484"]
[BlackElo "1549"]
[PlyCount "62"]
[EventDate "2006.04.04"]
[EventType "swiss"]
[EventRounds "4"]
[EventCountry "CAN"]

1. e4 c5 2. b4 cxb4 3. d4 d5 4. e5 Bf5 5. c3 bxc3 6. Nxc3 Nc6 7. Nf3 e6 8. Qb3
Bb4 9. Bb5 Qa5 10. Bd2 Nge7 11. O-O O-O 12. a3 Bxc3 13. Bxc3 Qb6 14. Rab1 Bxb1
15. Rxb1 a6 16. Bxc6 Qxc6 17. Bb4 Rfe8 18. Bc5 Nf5 19. g4 Nh6 20. h3 b5 21. Qd3
Rab8 22. Ng5 g6 23. Qe3 Rb7 24. Qf4 f5 25. gxf5 gxf5 26. Rb3 Rg7 27. Rg3 Qd7
28. Qh4 Nf7 29. Nxh7 Rxg3+ 30. fxg3 Nxe5 31. Nf6+ Kf7 1-0

[Event "April TNT"]
[Site "Winnipeg CAN"]
[Date "2006.04.18"]
[Round "3"]
[White "Khedkar, Jay"]
[Black "Essery, Richard"]
[Result "1-0"]
[WhiteElo "1854"]
[BlackElo "1573"]
[PlyCount "71"]
[EventDate "2006.04.04"]
[EventType "swiss"]
[EventRounds "4"]
[EventCountry "CAN"]

1. e4 Nf6 2. e5 Nd5 3. d4 d6 4. Nf3 Bg4 5. Be2 e6 6. O-O Be7 7. c4 Nb6 8. Nc3
a6 9. Be3 O-O 10. b3 N8d7 11. exd6 cxd6 12. Nd2 Bxe2 13. Nxe2 Nf6 14. Nc3 Nbd7
15. Qf3 b6 16. Rac1 Rc8 17. b4 Re8 18. Rfd1 Rc7 19. Nce4 Nxe4 20. Nxe4 Nf6 21.
d5 Nxe4 22. Qxe4 exd5 23. Qxd5 Rc8 24. Qb7 Rb8 25. Qxa6 Bg5 26. Bxg5 Qxg5 27.
Qa3 Ra8 28. Re1 Rec8 29. Qb2 d5 30. c5 bxc5 31. Rxc5 Rxc5 32. bxc5 h5 33. c6
Qf4 34. g3 Qd6 35. Qb7 Rb8 36. c7 1-0

[Event "April TNT"]
[Site "Winnipeg CAN"]
[Date "2006.04.18"]
[Round "3"]
[White "Oberton, Daniel"]
[Black "Lauritson, Jim"]
[Result "1/2-1/2"]
[WhiteElo "1729"]
[BlackElo "1894"]
[PlyCount "132"]
[EventDate "2006.04.04"]
[EventType "swiss"]
[EventRounds "4"]
[EventCountry "CAN"]

1. e4 c5 2. d4 cxd4 3. c3 dxc3 4. Nxc3 Nc6 5. Nf3 d6 6. Bc4 e6 7. O-O a6 8. Qe2
Nge7 9. Rd1 Ng6 10. Be3 Be7 11. Rac1 O-O 12. a3 Bd7 13. Ba2 Rc8 14. Na4 Qa5 15.
Nb6 Rcd8 16. Nd2 Nce5 17. Nb3 Qb5 18. Qd2 Ng4 19. a4 Qh5 20. h3 Nxe3 21. fxe3
Bc6 22. Bb1 Ne5 23. Nd4 Qg6 24. Qc2 Qg3 25. Qf2 Qxf2+ 26. Kxf2 Bg5 27. Nxc6
Nxc6 28. g3 Rfe8 29. h4 Be7 30. Rd2 Kf8 31. Kf3 Bf6 32. b3 Ne5+ 33. Kf2 Nc6 34.
Bd3 Be5 35. Be2 Ke7 36. Kg2 Rf8 37. Rf1 g6 38. g4 Rg8 39. g5 h6 40. Bd1 hxg5
41. hxg5 Rh8 42. Rh1 Rxh1 43. Kxh1 Rh8+ 44. Kg1 Rh3 45. Nc4 Rg3+ 46. Rg2 Rxg2+
47. Kxg2 b5 48. axb5 axb5 49. Nd2 Bb2 50. Nf3 f6 51. Kf2 fxg5 52. Nxg5 Ne5 53.
Nf3 Ng4+ 54. Ke2 b4 55. Nd4 Bxd4 56. exd4 Kf6 57. Kf3 Kg5 58. Be2 e5 59. dxe5
Nxe5+ 60. Ke3 Nc6 61. Bc4 Kf6 62. Be2 Ke5 63. Bf3 g5 64. Bd1 Nd4 65. Kd3 Nc6
66. Ke3 Ne7 1/2-1/2

[Event "April TNT"]
[Site "Winnipeg CAN"]
[Date "2006.04.18"]
[Round "3"]
[White "Reimer, Bruce"]
[Black "Greenberg, Harley"]
[Result "0-1"]
[WhiteElo "1503"]
[BlackElo "1738"]
[PlyCount "52"]
[EventDate "2006.04.04"]
[EventType "swiss"]
[EventRounds "4"]
[EventCountry "CAN"]

1. e4 c5 2. f4 d6 3. Nc3 Nc6 4. Bb5 Bd7 5. Nf3 a6 6. Bxc6 Bxc6 7. d3 e6 8. O-O
Be7 9. Qe1 Nf6 10. h3 h5 11. f5 exf5 12. exf5 Qd7 13. Ng5 O-O-O 14. Nxf7 Rhg8
15. Nxd8 Qxd8 16. Bg5 g6 17. Bxf6 gxf5 18. Qe6+ Kb8 19. Nd5 Bxf6 20. Rf2 Bd4
21. Ne3 Re8 22. Qxf5 Bxe3 23. Qxh5 Bxf2+ 24. Kxf2 Qf6+ 25. Kg1 Rg8 26. g4 Qf3
0-1

[Event "April TNT"]
[Site "Winnipeg CAN"]
[Date "2006.04.18"]
[Round "3"]
[White "Rumpel, Chris"]
[Black "Rutter, Blair"]
[Result "1-0"]
[WhiteElo "1571"]
[BlackElo "1855"]
[PlyCount "95"]
[EventDate "2006.04.04"]
[EventType "swiss"]
[EventRounds "4"]
[EventCountry "CAN"]

1. e4 e6 2. d3 c5 3. g3 Nc6 4. Bg2 e5 5. f4 d6 6. Nf3 Nf6 7. O-O b5 8. fxe5
dxe5 9. Bg5 Be7 10. Nc3 a6 11. Nd5 Be6 12. Nxe7 Qxe7 13. Bxf6 Qxf6 14. Nd4 Qe7
15. Nxc6 Qc7 16. Nxe5 Qxe5 17. c3 Rd8 18. Qf3 O-O 19. Rad1 Bxa2 20. Ra1 Qe6 21.
Qe3 Bb3 22. Rf5 c4 23. d4 Rfe8 24. Qf2 Re7 25. e5 Qb6 26. d5 Qxf2+ 27. Kxf2 Bc2
28. d6 Ra7 29. Rf4 f6 30. Bd5+ Kf8 31. Bc6 Bg6 32. d7 Ke7 33. exf6+ gxf6 34.
Re1+ Kf7 35. Re8 Rdxd7 36. Bxd7 Rxd7 37. Re2 Bd3 38. Rd2 Re7 39. b4 h5 40. Rd4
Re6 41. Rh4 Kg6 42. g4 Kg5 43. Rxh5+ Kxg4 44. Rh8 Re5 45. h3+ Kf4 46. Ra2 Re3
47. Rh4+ Kg5 48. Rg4+ 1-0

[Event "April TNT"]
[Site "Winnipeg CAN"]
[Date "2006.04.18"]
[Round "3"]
[White "Tang, Edward"]
[Black "Melamedoff, Gustavo"]
[Result "1/2-1/2"]
[WhiteElo "1973"]
[BlackElo "2002"]
[PlyCount "93"]
[EventDate "2006.04.04"]
[EventType "swiss"]
[EventRounds "4"]
[EventCountry "CAN"]

1. d4 Nf6 2. c4 e6 3. Nc3 c5 4. d5 exd5 5. cxd5 d6 6. e4 g6 7. f4 Bg7 8. Bb5+
Nfd7 9. a4 O-O 10. Nf3 a6 11. Bc4 Nb6 12. Bb3 Bg4 13. O-O N6d7 14. h3 Bxf3 15.
Qxf3 Qa5 16. Ra3 c4 17. Bc2 Nc5 18. Kh1 Nbd7 19. e5 dxe5 20. f5 e4 21. Nxe4
Nxe4 22. Bxe4 Nf6 23. Bg5 Nxe4 24. Qxe4 Qb4 25. f6 Rfe8 26. Qd4 Bf8 27. Rc1 b5
28. Rf3 Rad8 29. Bf4 Qc5 30. Rd1 Qxd4 31. Rxd4 Bc5 32. Rd2 Bd6 33. Bxd6 Rxd6
34. axb5 axb5 35. b3 Red8 36. bxc4 bxc4 37. Rc3 Rxf6 38. Rxc4 Rfd6 39. Rcd4 f5
40. g4 Kf7 41. gxf5 gxf5 42. Kg2 Kf6 43. Rh4 R8d7 44. Kf3 Kg5 45. Rhd4 h5 46.
R4d3 Kf6 47. Rd1 1/2-1/2

[Event "April TNT"]
[Site "Winnipeg CAN"]
[Date "2006.04.18"]
[Round "3"]
[White "Wasserman, Arie"]
[Black "Kwiatek, Jordan"]
[Result "0-1"]
[WhiteElo "1537"]
[BlackElo "1854"]
[PlyCount "62"]
[EventDate "2006.04.04"]
[EventType "swiss"]
[EventRounds "4"]
[EventCountry "CAN"]

1. e4 g6 2. Nc3 Bg7 3. d4 c5 4. Be3 cxd4 5. Bxd4 Nf6 6. Be2 Nc6 7. Be3 Qa5 8.
Bd2 O-O 9. Nf3 Qb4 10. Rb1 Nxe4 11. Nxe4 Qxe4 12. O-O Qa4 13. a3 d5 14. h3 e5
15. c3 Qxd1 16. Rbxd1 e4 17. Nd4 Nxd4 18. cxd4 f5 19. f3 Bxd4+ 20. Kh1 Bxb2 21.
Bb4 Rd8 22. fxe4 fxe4 23. Rd2 Be5 24. Rfd1 d4 25. Bc4+ Kg7 26. Rf1 Bf5 27. g4
e3 28. gxf5 exd2 29. Bxd2 Rac8 30. Be6 Rc2 31. Bg5 Rf8 0-1

[Event "April TNT"]
[Site "Winnipeg CAN"]
[Date "2006.04.18"]
[Round "3"]
[White "Wasserman, Leor"]
[Black "Nguyen, Huy"]
[Result "1/2-1/2"]
[WhiteElo "1331"]
[BlackElo "1647"]
[PlyCount "57"]
[EventDate "2006.04.04"]
[EventType "swiss"]
[EventRounds "4"]
[EventCountry "CAN"]

1. e4 Nc6 2. Bc4 Nf6 3. Nc3 e6 4. d4 Bb4 5. e5 Nd5 6. Bd2 Nb6 7. Bb3 Nxd4 8.
Qg4 Nxb3 9. axb3 Bf8 10. Nf3 d5 11. exd6 cxd6 12. O-O e5 13. Qg3 Be6 14. Ng5 g6
15. f4 Bg7 16. Nxe6 fxe6 17. fxe5 Bxe5 18. Qf3 Qe7 19. Rae1 O-O-O 20. Bf4 Rhf8
21. Qe3 Rxf4 22. Rxf4 Bxf4 23. Qxf4 Rf8 24. Qg4 Rf5 25. Na4 Nd7 26. Qc4+ Kb8
27. Rxe6 Qf7 28. Rxd6 Qe7 29. Re6 1/2-1/2

[Event "April TNT"]
[Site "Winnipeg CAN"]
[Date "2006.04.18"]
[Round "3"]
[White "Wierda, John"]
[Black "Gibson, Fred"]
[Result "1-0"]
[WhiteElo "1786"]
[BlackElo "1203"]
[PlyCount "29"]
[EventDate "2006.04.04"]
[EventType "swiss"]
[EventRounds "4"]
[EventCountry "CAN"]

1. Nf3 d5 2. c4 c6 3. b3 Nf6 4. g3 e6 5. Bg2 Bd6 6. O-O e5 7. d4 Nbd7 8. Bb2
Qc7 9. c5 Be7 10. Nxe5 O-O 11. b4 Nh5 12. e3 Ndf6 13. Nd2 Be6 14. g4 Nxg4 15.
Nxg4 1-0

[Event "April TNT"]
[Site "Winnipeg CAN"]
[Date "2006.04.25"]
[Round "4"]
[White "Anderson, George"]
[Black "Wasserman, Arie"]
[Result "1-0"]
[WhiteElo "1485"]
[BlackElo "1537"]
[PlyCount "77"]
[EventDate "2006.04.04"]
[EventType "swiss"]
[EventRounds "4"]
[EventCountry "CAN"]

1. e4 e5 2. Nf3 Nc6 3. d4 d5 4. Bb5 a6 5. Bxc6+ bxc6 6. dxe5 Bg4 7. exd5 Bxf3
8. Qxf3 Qxd5 9. Qxd5 cxd5 10. Be3 c5 11. Nd2 Rb8 12. b3 g6 13. O-O Nh6 14. f4
Ng4 15. Bf2 Nxf2 16. Rxf2 Bg7 17. a3 g5 18. Raf1 O-O 19. fxg5 Bxe5 20. Nf3 Bf4
21. Re2 Rfe8 22. Rfe1 Rxe2 23. Rxe2 Kg7 24. g3 Bc1 25. a4 d4 26. Ne5 Re8 27.
Kg2 Bxg5 28. Kf3 Be3 29. Nd7 Rc8 30. Ke4 Rc7 31. Nb6 Re7+ 32. Kd3 Bg5 33. Rxe7
Bxe7 34. Nd7 Kg6 35. Kc4 Kf5 36. Nxc5 Bxc5 37. Kxc5 Ke4 38. Kc4 Ke3 39. b4 1-0

[Event "April TNT"]
[Site "Winnipeg CAN"]
[Date "2006.04.25"]
[Round "4"]
[White "Essery, Richard"]
[Black "Reimer, Bruce"]
[Result "1-0"]
[WhiteElo "1573"]
[BlackElo "1503"]
[PlyCount "40"]
[EventDate "2006.04.04"]
[EventType "swiss"]
[EventRounds "4"]
[EventCountry "CAN"]

1. d4 Nf6 2. Nf3 e6 3. Bf4 d5 4. e3 Bd6 5. Bg3 c5 6. c3 Nc6 7. Bd3 Bxg3 8. hxg3
h6 9. dxc5 a5 10. Bb5 Bd7 11. Bxc6 Bxc6 12. b4 axb4 13. cxb4 Ra4 14. Qb3 Ne4
15. Nbd2 Qf6 16. O-O Nxd2 17. Nxd2 O-O 18. b5 Bxb5 19. Qxb5 Rfa8 20. Qxb7 Qxa1
1-0

[Event "April TNT"]
[Site "Winnipeg CAN"]
[Date "2006.04.25"]
[Round "4"]
[White "Kwiatek, Jordan"]
[Black "Wierda, John"]
[Result "1-0"]
[WhiteElo "1854"]
[BlackElo "1786"]
[PlyCount "73"]
[EventDate "2006.04.04"]
[EventType "swiss"]
[EventRounds "4"]
[EventCountry "CAN"]

1. e4 e6 2. d4 d5 3. Nc3 Bb4 4. e5 c5 5. a3 cxd4 6. axb4 dxc3 7. bxc3 Qc7 8.
Nf3 Qxc3+ 9. Bd2 Qc7 10. Bd3 Ne7 11. O-O Ng6 12. Qe2 Nc6 13. Rfe1 Bd7 14. c4
dxc4 15. Bxc4 O-O 16. h4 h6 17. Bd3 Nce7 18. h5 Nh8 19. Rac1 Qd8 20. Qe4 Nf5
21. g4 Bc6 22. Rxc6 bxc6 23. gxf5 exf5 24. Qxf5 g6 25. hxg6 fxg6 26. Bc4+ Kg7
27. Qh3 g5 28. Bc3 Qe7 29. Nd4 Kg6 30. Qd3+ Kh5 31. Qh3+ Kg6 32. Bd3+ Kf7 33.
Qh5+ Kg7 34. e6 Kg8 35. Nxc6 Qe8 36. Qxh6 Nf7 37. Qh7# 1-0

[Event "April TNT"]
[Site "Winnipeg CAN"]
[Date "2006.04.25"]
[Round "4"]
[White "Lauritson, Jim"]
[Black "Rutter, Blair"]
[Result "1-0"]
[WhiteElo "1894"]
[BlackElo "1855"]
[PlyCount "51"]
[EventDate "2006.04.04"]
[EventType "swiss"]
[EventRounds "4"]
[EventCountry "CAN"]

1. d4 e6 2. c4 d5 3. Nc3 Nf6 4. Bg5 Be7 5. e3 O-O 6. Nf3 b6 7. Rc1 Bb7 8. Bxf6
Bxf6 9. cxd5 exd5 10. Qb3 c6 11. Bd3 Qd6 12. O-O Nd7 13. Bb1 Rfe8 14. Rfd1 g6
15. a3 Bg7 16. e4 dxe4 17. Ng5 Rf8 18. Ba2 Qf4 19. Ncxe4 Nf6 20. g3 Qc7 21.
Nxf7 Nd5 22. Qxd5 Qe7 23. Qd6 Qe8 24. Re1 Qc8 25. Nf6+ Bxf6 26. Qxf6 1-0

[Event "April TNT"]
[Site "Winnipeg CAN"]
[Date "2006.04.25"]
[Round "4"]
[White "Melamedoff, Gustavo"]
[Black "Rumpel, Chris"]
[Result "0-1"]
[WhiteElo "2002"]
[BlackElo "1571"]
[PlyCount "44"]
[EventDate "2006.04.04"]
[EventType "swiss"]
[EventRounds "4"]
[EventCountry "CAN"]

1. f4 d5 2. Nf3 c5 3. e3 Bg4 4. Be2 g6 5. c3 Bg7 6. d4 Bxf3 7. Bxf3 cxd4 8.
exd4 Nc6 9. O-O Nf6 10. Qd3 O-O 11. f5 e5 12. fxe6 fxe6 13. Bf4 Qb6 14. Nd2 e5
15. Be3 e4 16. Bxe4 dxe4 17. Nxe4 Nd5 18. Qc4 Nce7 19. Bg5 Kh8 20. Nc5 Rxf1+
21. Rxf1 Qxb2 22. Bxe7 Ne3 0-1

[Event "April TNT"]
[Site "Winnipeg CAN"]
[Date "2006.04.25"]
[Round "4"]
[White "Van Wyk, Joseph"]
[Black "Tang, Edward"]
[Result "0-1"]
[WhiteElo "1885"]
[BlackElo "1973"]
[PlyCount "54"]
[EventDate "2006.04.04"]
[EventType "swiss"]
[EventRounds "4"]
[EventCountry "CAN"]

1. e4 e5 2. Nf3 Nf6 3. Nc3 Nc6 4. Bc4 Nxe4 5. Nxe4 d5 6. Bb5 dxe4 7. Nxe5 Qd5
8. Bxc6+ bxc6 9. Ng4 Ba6 10. Ne3 Qd7 11. b3 f5 12. Bb2 O-O-O 13. Nc4 f4 14. Ne5
Qe6 15. Qg4 Qxg4 16. Nxg4 Bb4 17. c3 Bd6 18. c4 Rhe8 19. h3 h5 20. Nh2 Re6 21.
Nf1 Rg6 22. Rg1 Rf8 23. Bd4 c5 24. Bc3 Rf5 25. O-O-O Bb7 26. g4 hxg4 27. hxg4
Rfg5 0-1

[Event "April TNT"]
[Site "Winnipeg CAN"]
[Date "2006.04.25"]
[Round "4"]
[White "Wasserman, Leor"]
[Black "Milord, Frank"]
[Result "1/2-1/2"]
[WhiteElo "1331"]
[BlackElo "1604"]
[PlyCount "34"]
[EventDate "2006.04.04"]
[EventType "swiss"]
[EventRounds "4"]
[EventCountry "CAN"]

1. e4 e5 2. Nf3 Nc6 3. Bc4 Bc5 4. O-O d6 5. c3 Nf6 6. Re1 O-O 7. d4 Bb6 8. Bd5
Bg4 9. Be3 a6 10. Bxc6 bxc6 11. Bg5 h6 12. Bh4 Qe7 13. h3 Bh5 14. Qd3 Bxf3 15.
dxe5 Qxe5 16. Qxf3 Nh5 17. Nd2 d5 1/2-1/2

[Event "April TNT"]
[Site "Winnipeg CAN"]
[Date "2006.04.25"]
[Round "4"]
[White "Wood, Nathan"]
[Black "Gibbons, Lorne"]
[Result "1-0"]
[WhiteElo "1549"]
[BlackElo "1317"]
[PlyCount "21"]
[EventDate "2006.04.04"]
[EventType "swiss"]
[EventRounds "4"]
[EventCountry "CAN"]

1. e4 e5 2. Nf3 Nf6 3. Nxe5 Qe7 4. d4 d6 5. Nf3 Qxe4+ 6. Be2 Bg4 7. O-O Be7 8.
Re1 Qc6 9. Na3 a6 10. c4 d5 11. Ne5 1-0

[Event "August TNT"]
[Site "Winnipeg CAN"]
[Date "2006.08.01"]
[Round "1"]
[White "Essery, Richard"]
[Black "Repa, Jason"]
[Result "0-1"]
[WhiteElo "1549"]
[BlackElo "1956"]
[PlyCount "42"]
[EventDate "2006.08.01"]
[EventType "swiss"]
[EventRounds "4"]
[EventCountry "CAN"]

1. d4 e6 2. Nf3 f5 3. e3 Nf6 4. Bd3 b6 5. c4 Bb7 6. Nc3 Bb4 7. Bd2 O-O 8. a3
Bxc3 9. Bxc3 Ne4 10. Bb4 d6 11. O-O a5 12. Be1 Nd7 13. Nd2 Qg5 14. f4 Qg6 15.
Nxe4 fxe4 16. Bc2 Ba6 17. b3 a4 18. Rf3 axb3 19. Bb1 Bxc4 20. Rg3 Qf5 21. Rg5
Qxg5 0-1

[Event "August TNT"]
[Site "Winnipeg CAN"]
[Date "2006.08.01"]
[Round "1"]
[White "Gibbons, Michael"]
[Black "Nguyen, Huy"]
[Result "1-0"]
[WhiteElo "2008"]
[BlackElo "1680"]
[PlyCount "86"]
[EventDate "2006.08.01"]
[EventType "swiss"]
[EventRounds "4"]
[EventCountry "CAN"]

1. Nf3 d5 2. b3 d4 3. Bb2 c5 4. e3 Bg4 5. Bb5+ Nc6 6. h3 Bxf3 7. Qxf3 Qd6 8.
Bxc6+ bxc6 9. exd4 cxd4 10. Bxd4 Rd8 11. Be3 Nf6 12. Nc3 g6 13. O-O Bg7 14.
Rad1 O-O 15. Rfe1 Rfe8 16. a4 Qc7 17. Bf4 e5 18. Bg5 Rd6 19. Re2 h6 20. Bh4 Nh5
21. Bg3 f5 22. Rde1 Rde6 23. d4 Nxg3 24. Qxg3 f4 25. Qf3 Kh7 26. d5 cxd5 27.
Nxd5 Qd6 28. c4 a5 29. Qd3 Qc5 30. Nxf4 Rd6 31. Nd5 Rf8 32. Qe3 Qc6 33. Qe4 Qd7
34. Re3 h5 35. Rg3 Rf5 36. Ree3 Bh6 37. Ref3 Bf4 38. Nxf4 exf4 39. Rxf4 Re6 40.
Qf3 Re1+ 41. Kh2 Ree5 42. Rxf5 Rxf5 43. Qd3 h4 1-0

[Event "August TNT"]
[Site "Winnipeg CAN"]
[Date "2006.08.01"]
[Round "1"]
[White "Khedkar, Jay"]
[Black "Wasserman, Leor"]
[Result "1-0"]
[WhiteElo "1862"]
[BlackElo "1348"]
[PlyCount "66"]
[EventDate "2006.08.01"]
[EventType "swiss"]
[EventRounds "4"]
[EventCountry "CAN"]

1. e4 e5 2. f4 Bc5 3. Nf3 Nc6 4. Nc3 d6 5. Bb5 Bd7 6. Na4 Bb6 7. Nxb6 axb6 8.
O-O Nf6 9. d3 Qe7 10. c3 O-O 11. Qe1 Ra5 12. Bc4 Rfa8 13. b4 R5a7 14. Ng5 Nd8
15. Qh4 h6 16. fxe5 Qxe5 17. d4 Qe7 18. e5 dxe5 19. Ne4 Nd5 20. Qg3 Bc6 21.
Bxd5 Bxd5 22. Nf6+ Kh8 23. Nxd5 Qd7 24. Qxe5 Rxa2 25. Bxh6 Qg4 26. Rxa2 Rxa2
27. Ne3 Qg6 28. Qe8+ Kh7 29. Qxd8 Qxh6 30. Nf5 Qd2 31. Qh4+ Kg8 32. Ne7+ Kf8
33. Ng6+ Ke8 1-0

[Event "August TNT"]
[Site "Winnipeg CAN"]
[Date "2006.08.01"]
[Round "1"]
[White "Rumpel, Chris"]
[Black "Vlaovic, George"]
[Result "0-1"]
[WhiteElo "1715"]
[BlackElo "2292"]
[PlyCount "64"]
[EventDate "2006.08.01"]
[EventType "swiss"]
[EventRounds "4"]
[EventCountry "CAN"]

1. Nf3 c5 2. d3 d5 3. Nbd2 Nc6 4. g3 Bg4 5. Bg2 e5 6. e4 d4 7. O-O Qd7 8. Re1
h5 9. Nc4 f6 10. h4 Bd6 11. Ncd2 Nh6 12. Nf1 Nf7 13. N1h2 Be6 14. Nd2 O-O-O 15.
Nc4 Bc7 16. b3 g5 17. hxg5 fxg5 18. Bf3 g4 19. Be2 Rdg8 20. Nd2 Ba5 21. a3 h4
22. b4 cxb4 23. axb4 Bxb4 24. Nc4 Bxe1 25. Rxa7 Bxc4 26. Ra8+ Kc7 27. Rxg8
Bxf2+ 28. Kxf2 hxg3+ 29. Kxg3 Rxg8 30. dxc4 Nd6 31. Bd3 Qh7 32. Qf1 Rh8 0-1